| 000 | 00766cam a2200277 a 4500 | ||
|---|---|---|---|
| 005 | 20260322212057.0 | ||
| 008 | data | ||
| 010 | _a 2009940089 | ||
| 020 | _a9780073377285 (alk. paper) | ||
| 020 | _a0073377287 (alk. paper) | ||
| 040 |
_aDLC _cDLC |
||
| 042 | _apcc | ||
| 050 | 0 | 0 |
_aHB615 _b.S48 2011 |
| 092 | _a650 S48 2011 | ||
| 100 | 1 | _aShah, Amit J. | |
| 245 | 1 | 0 |
_aBusinessNow / _cAmit J. Shah. |
| 246 | 3 | _aBusiness now | |
| 250 | _a2nd ed. | ||
| 260 |
_aNew York, NY : _bMcGraw-Hill, _cc2011. |
||
| 300 |
_axiii, 433 p. : _bcol. ill. ; _c28 cm. |
||
| 504 | _aIncludes bibliographical references (p. [405]-424) and index. | ||
| 650 | 0 | _aEntrepreneurship. | |
| 650 | 0 | _aNew business enterprises. | |
| 650 | 0 |
_aSmall business _xManagement. |
|
| 001 | data | ||
| 999 |
_c1371 _d1371 |
||